[Event "IECG CE.2009.0.00109 email"]
[Site "IECG email"]
[Date "2009.06.23"]
[Round "1"]
[White "Collins, Eric"]
[Black "Cuaycong, Virgilio"]
[Result "0-1"]
[WhiteElo "1350"]
[BlackElo "1302"]
[PlyCount "44"]
[EventDate "2009.06.23"]
[EventType "tourn (corr)"]
[EventRounds "6"]
[SourceTitle "Corr 2024"]
[Source "ChessBase"]
[SourceDate "2023.10.19"]
[SourceVersion "1"]
[SourceVersionDate "2023.10.19"]
[SourceQuality "1"]

1. e4 e5 2. Nf3 Nf6 3. Nc3 Nc6 4. d4 exd4 5. Nxd4 Bb4 6. Bg5 h6 7. Nxc6 bxc6 8. Bd2 0-0 9. Bd3 Re8 10. 0-0 d6 11. Qf3 Be6 12. a3 Ba5 13. b4 Bb6 14. b5 cxb5 15. Bxb5 Re7 16. Bxh6 Bg4 17. Qf4 Bd4 18. Nd5 Nxd5 19. Qxg4 Nc3 20. Bc6 Qc8 21. Qh4 Re5 22. Be3 Bxe3 0-1

[Event "IECC CL6-2003.15 email"]
[Site "IECC email"]
[Date "2003.07.05"]
[Round "?"]
[White "Collins, Eric"]
[Black "Copin, Jean Christophe"]
[Result "1-0"]
[WhiteElo "1342"]
[BlackElo "1096"]
[PlyCount "55"]
[EventDate "2003.??.??"]
[EventType "tourn (corr)"]
[EventRounds "4"]
[SourceTitle "Corr 2008"]
[Source "ChessBase"]
[SourceDate "2008.06.24"]
[SourceVersion "1"]
[SourceVersionDate "2008.06.24"]
[SourceQuality "1"]

1. e4 e6 2. d4 d5 3. Nc3 Bb4 4. e5 g6 5. Nf3 Nc6 6. a3 Bxc3+ 7. bxc3 f6 8. Qe2 Bd7 9. Rb1 Na5 10. exf6 Nxf6 11. Ne5 Qe7 12. Bg5 0-0-0 13. Qa6 bxa6 14. Bxa6+ Nb7 15. Bxb7+ Kb8 16. Bxd5+ Kc8 17. Bb7+ Kb8 18. Bxf6 Qxf6 19. Bc6+ Kc8 20. Bxd7+ Rxd7 21. Rb8+ Kxb8 22. Nxd7+ Kb7 23. Nxf6 Rf8 24. Nxh7 Rf7 25. Ng5 Rf5 26. Nxe6 Ra5 27. Kd2 Rxa3 28. Re1 1-0

[Event "IECC CL6-2003.15 email"]
[Site "IECC email"]
[Date "2003.07.05"]
[Round "?"]
[White "Collins, Eric"]
[Black "Popp, Tony"]
[Result "1-0"]
[WhiteElo "1334"]
[BlackElo "1281"]
[PlyCount "47"]
[EventDate "2003.??.??"]
[EventType "tourn (corr)"]
[EventRounds "4"]
[SourceTitle "Corr 2008"]
[Source "ChessBase"]
[SourceDate "2008.06.24"]
[SourceVersion "1"]
[SourceVersionDate "2008.06.24"]
[SourceQuality "1"]

1. e4 g6 2. d4 Bg7 3. Nc3 a6 4. f4 b5 5. Nf3 d6 6. Bd3 Nd7 7. e5 e6 8. Be3 Ne7 9. 0-0 Bb7 10. Ne4 Nd5 11. Bd2 dxe5 12. fxe5 Qe7 13. Bg5 Qb4 14. a3 Qf8 15. b3 h6 16. Bd2 g5 17. Qe2 0-0-0 18. a4 Nb4 19. axb5 axb5 20. Bxb5 Nxc2 21. Rac1 Nb4 22. Nd6+ Kb8 23. Nxb7 Kxb7 24. Bc6+ 1-0

[Event "IECG RE.2001.0.00002"]
[Site "IECG email"]
[Date "2001.11.02"]
[Round "?"]
[White "Johnson, Michael"]
[Black "Collins, Eric"]
[Result "1/2-1/2"]
[WhiteElo "1350"]
[BlackElo "1350"]
[PlyCount "25"]
[EventDate "2001.11.02"]
[EventType "tourn (corr)"]
[EventRounds "6"]
[SourceTitle "Corr 2008"]
[Source "ChessBase"]
[SourceDate "2008.06.24"]
[SourceVersion "1"]
[SourceVersionDate "2008.06.24"]
[SourceQuality "1"]

1. e4 e5 2. Bc4 Nc6 3. Nf3 Bc5 4. c3 Nf6 5. d4 exd4 6. cxd4 Bb4+ 7. Bd2 Bxd2+ 8. Nbxd2 d5 9. exd5 Nxd5 10. 0-0 0-0 11. Qc2 Re8 12. Rfe1 Be6 13. Rac1 1/2-1/2

[Event "IECC KO email"]
[Site "IECC email"]
[Date "2001.09.17"]
[Round "?"]
[White "Hoefer, Hans Peter"]
[Black "Collins, Eric"]
[Result "1-0"]
[WhiteElo "1925"]
[BlackElo "1372"]
[PlyCount "62"]
[EventDate "2001.??.??"]
[EventType "tourn (corr)"]
[EventRounds "6"]
[SourceTitle "Corr 2008"]
[Source "ChessBase"]
[SourceDate "2008.06.24"]
[SourceVersion "1"]
[SourceVersionDate "2008.06.24"]
[SourceQuality "1"]

1. e4 e5 2. Nf3 Nc6 3. d4 exd4 4. Nxd4 Qh4 5. Nc3 Bb4 6. Be2 Qxe4 7. Ndb5 Bxc3+ 8. bxc3 Kd8 9. 0-0 Nf6 10. Bg5 d6 11. Bxf6+ gxf6 12. Bf3 Qc4 13. Nxd6 cxd6 14. Qxd6+ Bd7 15. Qxf6+ Kc7 16. Rad1 Be6 17. Bxc6 Kxc6 18. Rd4 Qc5 19. Rfd1 Rhg8 20. Rd7 Kb6 21. R7d5 Qc4 22. R5d4 Qe2 23. Rd6+ Ka5 24. c4 b6 25. R6d3 Ka6 26. Ra3+ Kb7 27. Qe7+ Kc8 28. Rad3 Rxg2+ 29. Kh1 Rxh2+ 30. Kxh2 Qh5+ 31. Kg2 Bh3+ 1-0

[Event "IECC P email"]
[Site "IECC email"]
[Date "2001.06.29"]
[Round "?"]
[White "Collins, Eric"]
[Black "Kohlhage, Juergen"]
[Result "1/2-1/2"]
[WhiteElo "1360"]
[BlackElo "2027"]
[PlyCount "32"]
[EventDate "2001.??.??"]
[EventType "tourn (corr)"]
[EventRounds "6"]
[SourceTitle "Corr 2008"]
[Source "ChessBase"]
[SourceDate "2008.06.24"]
[SourceVersion "1"]
[SourceVersionDate "2008.06.24"]
[SourceQuality "1"]

1. e4 c5 2. Nf3 Nc6 3. d4 cxd4 4. Nxd4 g6 5. Nc3 Bg7 6. Be3 Nf6 7. Nxc6 bxc6 8. Bd3 d6 9. 0-0 0-0 10. f3 d5 11. Bc5 Qc7 12. Re1 dxe4 13. Bxe4 Be6 14. Bd3 Nd5 15. Nxd5 cxd5 16. Ba3 Bxb2 1/2-1/2